Pensar Globalmente, Actuar Localmente. (Registro nro. 20578)

Detalles MARC
000 -CABECERA
Campo de control 00938nam a22002537a 4500
005 - FECHA Y HORA DE LA ULTIMA TRANSACCION
Campo de control 20191108110450.0
008 - ELEMENTOS DE LONGITUD FIJA—INFORMACION GENERAL
Campo de control 191108b xxu||||| |||| 00| 0 spa d
040 ## - FUENTE DE CATALOGACIÓN
Agencia catalogadora original CO-BoIAVH
Agencia transcriptora CO-BoIAVH
041 ## - IDIOMA
Código de idioma para texto/pista de sonido o título separado Español
044 ## - PAÍS DE PUBLICACIÓN
País de publicación Panamá
082 ## - NUMERO DE CLASIFICACION DECIMAL DEWEY
Número de clasificación 333.7068
Número del ítem P94p
110 ## - ASIENTO PRINCIPAL--NOMBRE CORPORATIVO
9 (RLIN) 101958
Nombre corporativo o de jurisdicción como elemento de entrada Programa de pequeñas donaciones panamá (PND)
245 ## - MENCION DE TITULO
Título Pensar Globalmente, Actuar Localmente.
260 ## - PUBLICACION, DISTRIBUCION, ETC. (PIE DE IMPRENTA)
Lugar de publicación, distribución, etc. Panamá:
Nombre del editor, distribuidor, etc. Fundaciones ciudadanía activa - Panamá,
Fecha de publicación, distribución, etc. s.f.
300 ## - DESCRIPCION FISICA
Extensión 47 Páginas:
Otros detalles físicos fotografías, tablas, gráficos y mapa,
Dimensiones 25 x 20 cm.
490 ## - MENCION DE SERIE
Mención de serie Principales resultados quinta fase operativa OP5:
Designación numérica/secuencial del volumen 2011 - 2014.
650 #0 - ASIENTO SECUNDARIO DE MATERIA - TERMINO TEMATICO
9 (RLIN) 26420
Término temático o nombre geográfico como elemento de entrada Administración de proyectos ambientales.
650 #0 - ASIENTO SECUNDARIO DE MATERIA - TERMINO TEMATICO
9 (RLIN) 90214
Término temático o nombre geográfico como elemento de entrada Iniciativas de conservación
650 #0 - ASIENTO SECUNDARIO DE MATERIA - TERMINO TEMATICO
9 (RLIN) 433
Término temático o nombre geográfico como elemento de entrada Agrobiodiversidad.
650 #0 - ASIENTO SECUNDARIO DE MATERIA - TERMINO TEMATICO
9 (RLIN) 40129
Término temático o nombre geográfico como elemento de entrada Adaptación al cambio climático
650 #0 - ASIENTO SECUNDARIO DE MATERIA - TERMINO TEMATICO
9 (RLIN) 18652
Término temático o nombre geográfico como elemento de entrada Gestión forestal
650 #0 - ASIENTO SECUNDARIO DE MATERIA - TERMINO TEMATICO
9 (RLIN) 101931
Término temático o nombre geográfico como elemento de entrada Zonas marino-costeras
942 ## - ELEMENTOS ADICIONALES (KOHA)
Sistema de clasificación Dewey Decimal Classification
Tipo de ítem Libro
Existencias
Withdrawn status Lost status Sistema de Clasificación Damaged status No para préstamo Colección Ubicación Permanente Ubicación actual Fecha de adquisición Total Checkouts Número topográfico Inventario / Código de Barras Date last seen Ejemplar Price effective from Forma de adquisición Tipo de material
    Dewey Decimal Classification     General Bogotá Bogotá 08/11/2019   LB-333.7068 P94p 043770 08/11/2019 Ej.1 08/11/2019 Canje Libro